Handbook of accounting and public governance : exploring hybridizations / edited by Giuseppe Grossi, Professor of Public Management and Accounting, School of Business, Kristianstad University, Sweden and Economic Analysis and Accounting Division, Nord University, Norway, Jarmo Vakkuri, Professor of Local Public Economics, Faculty of Management and Business, Tampere University, Finland and visiting Professor, Norwegian School of Economics, Norway. (Record no. 22522)
| 000 -LEADER | |
|---|---|
| fixed length control field | 01000nam a22001937a 4500 |
| 020 ## - INTERNATIONAL STANDARD BOOK NUMBER | |
| ISBN | 9781800888449 |
| 082 ## - DEWEY DECIMAL CLASSIFICATION NUMBER | |
| Classification number | 657.835 |
| Item number | H363 2024 |
| 245 ## - TITLE STATEMENT | |
| Title | Handbook of accounting and public governance : exploring hybridizations / edited by Giuseppe Grossi, Professor of Public Management and Accounting, School of Business, Kristianstad University, Sweden and Economic Analysis and Accounting Division, Nord University, Norway, Jarmo Vakkuri, Professor of Local Public Economics, Faculty of Management and Business, Tampere University, Finland and visiting Professor, Norwegian School of Economics, Norway. |
| 260 ## - PUBLICATION, DISTRIBUTION, ETC. (IMPRINT) | |
| Place of publication | Cheltenham, UK : |
| Name of publisher | Edward Elgar Publishing, |
| Year of publication | ©2024. |
| 300 ## - PHYSICAL DESCRIPTION | |
| Number of Pages | 1 online resource, xviii, 332 pages : |
| Other physical details | illustrations. |
| 500 ## - GENERAL NOTE | |
| General note | Includes bibliographical references and index. |
| 650 ## - SUBJECT ADDED ENTRY--TOPICAL TERM | |
| Topical Term | Finance. |
| 650 ## - SUBJECT ADDED ENTRY--TOPICAL TERM | |
| Topical Term | Case studies. |
| 650 ## - SUBJECT ADDED ENTRY--TOPICAL TERM | |
| Topical Term | Accounting. |
| 650 ## - SUBJECT ADDED ENTRY--TOPICAL TERM | |
| Topical Term | Public. |
| 700 ## - ADDED ENTRY--PERSONAL NAME | |
| Personal name | Grossi, Giuseppe, editor. |
| 700 ## - ADDED ENTRY--PERSONAL NAME | |
| Personal name | Vakkuri, Jarmo, editor |
| 942 ## - ADDED ENTRY ELEMENTS (KOHA) | |
| Koha item type | Electronic Books |
| Source of acquisition | Permanent Location | Date acquired | Collection code | Koha item type | Lost status | Shelving location | Withdrawn status | Current Location | Full call number |
|---|---|---|---|---|---|---|---|---|---|
| Donation | Cagayan State University - Carig Library | 2026-04-15 | E-Books | Electronic Books | E-Resource Section | Cagayan State University - Carig Library | 657.835 H363 2024 |